000
00252nam a22000977a 4500
999
_c
12701
_d
12701
082
_a
297.64
100
_a
Prof: Mufti Mohammad Waseem Akram
245
_a
Seerat Hazrat Sayadina Usman Ghani
260
_a
Pakistan
_b
Mushtaque Book Corner
_c
2020
942
_c
BK